Catalog

Record Details

Catalog Search



The king of torts [CD/sound recording] / John ... Read More

Grisham, John.(Author).
Boutsikaris, Dennis.(Added Author).

Available copies

  • 2 of 2 copies available at LARL/NWRL Consortium. (Show)
  • 2 of 2 copies available at Northwest Regional Library.

Current holds

0 current holds with 2 total copies.

Show Only Available Copies
Location Call Number / Copy Notes Barcode Shelving Location Status Due Date
Red Lake Falls Public Library BOOK-ON-CD GRI (Text) 35500005280860 Main Available -
Roseau Public Library BOOK-ON-CD GRI (Text) 35500005208036 Main Available -

Record details

  • ISBN: 0739302213
  • ISBN: 9780739323588
  • Physical Description: 5 sound discs (6 hrs.) : digital ; 4 3/4 in.
  • Edition: Abridged.
  • Publisher: New York : Random House Audio, p2003.

Content descriptions

Participant or Performer Note:
Read by Dennis Boutsikaris.
Summary, etc.:
Clay Carter, a public defender, reluctantly takes ... Read More
System Details Note:
Compact disc.
Genre: Compact discs.
Sound recordings.
Legal stories.
Suspense fiction.
Topic Heading: Audiobooks on CD.
LDR 02353cim a2200433Ia 4500
00146767
003LARL_NWRL_CONSORTIUM
00520030213161223.0
007sd fsngnn---uu
008030131s2003 nyunnn f eng d
020 . ‡a0739302213
020 . ‡a9780739323588
0241 . ‡a9780739302217
02802. ‡aRHCD 259 ‡bRandom House Audio
035 . ‡a(OCoLC)51557152
040 . ‡aGEC ‡cGEC ‡dNRG
092 . ‡aFIC
098 . ‡aV ‡aGRIS ‡aKOT ‡aB13
1001 . ‡aGrisham, John. ‡0(LARL_NWRL_CONSORTIUM)97617
24514. ‡aThe king of torts ‡h[CD/sound recording] / ‡cJohn Grisham.
250 . ‡aAbridged.
260 . ‡aNew York : ‡bRandom House Audio, ‡cp2003.
300 . ‡a5 sound discs (6 hrs.) : ‡bdigital ; ‡c4 3/4 in.
5110 . ‡aRead by Dennis Boutsikaris.
538 . ‡aCompact disc.
520 . ‡aClay Carter, a public defender, reluctantly takes the case of a young man charged with a random street killing, he assumes it is just another of the many senseless murders that hit D.C. every week. As he digs into the background of his client, Clay stumbles on a conspiracy too horrible to believe. He suddenly finds himself in the middle of a complex case against one of the largest pharmaceutical companies in the world, looking at the kind of enormous settlement that would totally change his life--that would make him almost overnight, the legal profession's newest king of torts ...
655 0. ‡aCompact discs.
655 0. ‡aSound recordings. ‡0(LARL_NWRL_CONSORTIUM)175835
690 . ‡aAudiobooks on CD.
655 7. ‡aLegal stories. ‡2gsafd
655 7. ‡aSuspense fiction. ‡2gsafd
7001 . ‡aBoutsikaris, Dennis. ‡0(LARL_NWRL_CONSORTIUM)140283
901 . ‡a46767 ‡bOCLC ‡c46767 ‡tbiblio

Additional Resources